Normal view
MARC view
- Snyder, S. A.
Entry Personal Name
001 - CONTROL NUMBER
- control field: 15047
003 - CONTROL NUMBER IDENTIFIER
- control field: OSt
005 - DATE AND TIME OF LATEST TRANSACTION
- control field: 20260203123729.0
008 - FIXED-LENGTH DATA ELEMENTS
- fixed length control field: 260203|| aca||aabn | a|a d
040 ## - CATALOGING SOURCE
- Original cataloging agency: OSt
- Transcribing agency: OSt
100 ## - HEADING--PERSONAL NAME
- Personal name: Snyder, S. A.
- Fuller form of name: (Scott A.)
670 ## - SOURCE DATA FOUND
- Source citation: Work cat.: (OSt)5967: Solomons, T. W. Graham, 1983, Organic chemistry /